Tree roots, property damage and the law: an update (Record no. 70191)

MARC details
000 -LEADER
fixed length control field 01114cam a2200217 4500
001 - CONTROL NUMBER
control field ABS65301
008 - FIXED-LENGTH DATA ELEMENTS--GENERAL INFORMATION
fixed length control field 020508n2002 000 0 eng u
035 ## - SYSTEM CONTROL NUMBER
System control number (Sirsi) u117868
100 ## - MAIN ENTRY--PERSONAL NAME
Personal name Wynn, P.
245 ## - TITLE STATEMENT
Title Tree roots, property damage and the law: an update
260 ## - PUBLICATION, DISTRIBUTION, ETC.
Date of publication, distribution, etc. 2002
490 ## - SERIES STATEMENT
Series statement Structural Survey
Volume/sequential designation 20(1) 2002, 19-21(3)
520 ## - SUMMARY, ETC.
Summary, etc. Uses variety of cases to illustrate liability for subsidence damage following encroachment by tree roots from neighbouring land. Special reference is made to "Delaware Mansions Ltd v Westminster City Council". Covers introduction to problem, liability for damage, restraint on continuing nuisance (planted or self-sown), knowledge and foreseeability of damage, cost and inconvenience of investigation, changed ownership of damaged property, and reasonability of notice to tree owner and opportunity to carry out remedial work.
590 ## - LOCAL NOTE (RLIN)
Local note ABS
650 ## - SUBJECT ADDED ENTRY--TOPICAL TERM
Topical term or geographic name entry element SUBSIDENCE
650 ## - SUBJECT ADDED ENTRY--TOPICAL TERM
Topical term or geographic name entry element TREES
650 ## - SUBJECT ADDED ENTRY--TOPICAL TERM
Topical term or geographic name entry element TREE ROOTS
650 ## - SUBJECT ADDED ENTRY--TOPICAL TERM
Topical term or geographic name entry element DELAWARE MANSIONS LTD AND OTHERS V WESTMINSTER CITY COUNCIL
690 ## - LOCAL SUBJECT ADDED ENTRY--TOPICAL TERM (OCLC, RLIN)
Topical term or geographic name as entry element BUILDING AND CONSTRUCTION-CASE LAW
942 ## - ADDED ENTRY ELEMENTS (KOHA)
Suppress in OPAC 0
Holdings
Withdrawn status Lost status Source of classification or shelving scheme Damaged status Not for loan Home library Current library Shelving location Date acquired Total Checkouts Full call number Barcode Date last seen Copy number Price effective from Koha item type
    Dewey Decimal Classification     London London Journal article 08/05/2002   ABS65301 117868-1001 06/08/2019 1 06/08/2019 Journal article